Global warming (Record no. 105999)

MARC details
000 -LEADER
fixed length control field 01235cam a2200241 4500
001 - CONTROL NUMBER
control field ##L135315
008 - FIXED-LENGTH DATA ELEMENTS--GENERAL INFORMATION
fixed length control field 061013n2004 000 0 eng u
020 ## - INTERNATIONAL STANDARD BOOK NUMBER
International Standard Book Number 0521528747
-- 9780521528700
035 ## - SYSTEM CONTROL NUMBER
System control number (Sirsi) u135315
041 0# - LANGUAGE CODE
Language code of text/sound track or separate title eng
050 04 - LIBRARY OF CONGRESS CALL NUMBER
Classification number 551.52 $2 18
-- 363.73874 $2 22
100 1# - MAIN ENTRY--PERSONAL NAME
Personal name Houghton, John
245 00 - TITLE STATEMENT
Title Global warming
Remainder of title the complete briefing
250 ## - EDITION STATEMENT
Edition statement 3rd ed.
260 ## - PUBLICATION, DISTRIBUTION, ETC.
Place of publication, distribution, etc. Cambridge
Name of publisher, distributor, etc. Cambridge University Press
Date of publication, distribution, etc. 2004
300 ## - PHYSICAL DESCRIPTION
Extent xxx, 351p.
Dimensions 25cm.
350 ## - PRICE (NR) (BK AM CF MU VM SE) [OBSOLETE]
Price 24.99
505 1# - FORMATTED CONTENTS NOTE
Formatted contents note Global warming and climate change -- The greenhouse effect -- The greenhouse gases -- Climates of the past -- Modelling the climate -- Climate change in the 21st century and beyond -- The impacts of climate change -- Why should we be concerned? -- Weighing the uncertainty -- A strategy for action to slow and stabilise climate change -- Energy and transport for the future -- The global village
520 ## - SUMMARY, ETC.
Summary, etc. Provides a comprehensive appraisal of global warming and the likely impacts of climate change. Addresses actions governments, industry and individuals could take to lesson the effects.
651 #4 - SUBJECT ADDED ENTRY--GEOGRAPHIC NAME
Geographic name International
690 ## - LOCAL SUBJECT ADDED ENTRY--TOPICAL TERM (OCLC, RLIN)
Topical term or geographic name as entry element ENVIRONMENTAL AND LAND CONSULTANCY-ENVIRONMENTAL MANAGEMENT
942 ## - ADDED ENTRY ELEMENTS (KOHA)
Suppress in OPAC 0
Holdings
Withdrawn status Lost status Source of classification or shelving scheme Damaged status Not for loan Home library Current library Shelving location Date acquired Cost, normal purchase price Total Checkouts Full call number Barcode Date last seen Date last checked out Copy number Cost, replacement price Price effective from Koha item type
    Dewey Decimal Classification     London London Books 22/11/2006 21.24 12 551.52 HOU 30073473 06/08/2019 07/10/2009 1 21.24 06/08/2019 Book